000 00422nam a2200145 i 4500
001 80247
003 ES-MaACL
005 20230906174154.0
007 t|
008 041027s1976 sp ||||1| spa d
245 0 0 _aHistoria de los Estatutos Vascos de Autonomía.
260 _a[San Sebastián] :
_bInterprofesional de Estudios y Publicaciones,
_c[1976]
300 _a88 p. ;
_c20 cm.
852 _aES-MaACL
_jA-6133
_bR.95116
999 _c80247
_d80247